000 00671nam a2200241 i 4500
001 C2-0324232
003 PPAK
005 20180728122623.0
008 131204s2013 nyua|||| ||||| | eng d
020 _a9780415609449
040 _aPPAK
_beng
_cPPAK
_erda
082 0 4 _a305.4
_223
090 0 0 _a305.4
_bSMI
_dLCK
100 1 _aSmith,Bonnie G.,
_eauthor
245 1 0 _aWomen's Studies The Basics
264 1 _aNew York :
_bRoutledge Taylor & Francis Group ,
_c2013
300 _a(viii),173 pages :
_billustrations ;
_c20 cm
336 _2rdacontent
_atext
337 _2rdamedia
_aunmediated
338 _2rdacarrier
_avolume
500 _aHadiah
942 _ddc
_cB
999 _c124206
_d124206